| 000 | 00782nam a2200229 a 4500 | ||
|---|---|---|---|
| 005 | 20240910064332.0 | ||
| 008 | 090304s2002 mx r 000 0 spa d | ||
| 020 | _a9685418160 | ||
| 035 | _aUPN01000169709 | ||
| 049 | _aCG | ||
| 050 | 4 |
_aLB1060 _bE3.8 |
|
| 245 | 0 | 0 |
_aEducación y aprendizaje : _btratamiento de las dificultades / _cElia Ballesteros ... [et al.]. |
| 260 |
_aTlalnepantla, Edo. de Méx. : _bEdilar, _c2002. |
||
| 300 | _a4 v. | ||
| 505 | 8 |
_aContenido: _gv.1. _tEducación especial -- _gv.2. _tEtapa infantil -- _gv.3 _tEtapa de primaria -- _gv.4. _tEtapa de secundaria |
|
| 650 | 4 |
_aAprendizaje _92861 |
|
| 650 | 4 |
_aEducación especial _93029 |
|
| 650 | 4 |
_aDesarrollo infantil _9176 |
|
| 700 | 1 |
_aBallesteros, Elia, _ecoaut. |
|
| 905 | _aLibro | ||
| 999 |
_c141815 _d141815 |
||